[Event "Charleroi op"]
[Site "Charleroi"]
[Date "2010.07.31"]
[Round "1"]
[White "Maes, Wim"]
[Black "Cottenier, Christophe"]
[Result "1-0"]
[WhiteElo "2232"]
[BlackElo "1771"]
[PlyCount "79"]
[EventDate "2010.07.31"]
[EventType "swiss"]
[EventRounds "9"]
[EventCountry "BEL"]
[SourceTitle "CBM 137 Extra"]
[Source "ChessBase"]
[SourceDate "2010.09.01"]
[SourceVersion "1"]
[SourceVersionDate "2010.09.01"]
[SourceQuality "1"]

1. e4 c6 2. d4 d5 3. Nd2 dxe4 4. Nxe4 Bf5 5. Ng3 Bg6 6. h4 h6 7. Nh3 e6 8. Nf4 Bh7 9. Bc4 Bd6 10. Nfh5 g6 11. Nf4 Nf6 12. Qe2 Nbd7 13. c3 Qe7 14. Nd3 Nb6 15. Bb3 Qc7 16. Ne5 Bg8 17. Bd2 0-0-0 18. a4 Kb8 19. 0-0 Nbd7 20. Nc4 Bxg3 21. fxg3 Nh5 22. g4 Ng3 23. Qf3 g5 24. Rfe1 f6 25. h5 f5 26. Be3 f4 27. Bf2 e5 28. Bxg3 Bd5 29. Qd1 fxg3 30. Nxe5 Rhe8 31. Nxd7+ Qxd7 32. Bxd5 Qxd5 33. Qf3 Qd6 34. Re3 Rxe3 35. Qxe3 c5 36. Rd1 Kc7 37. Rd3 cxd4 38. Rxd4 Qb6 39. Qe7+ Rd7 40. Qxd7+ 1-0